[Event "Hourtin Vins du Medoc op 2nd"]
[Site "Hourtin"]
[Date "2016.07.04"]
[Round "4"]
[White "Grandmougin, Olivier"]
[Black "Grelier, Gilles"]
[Result "1-0"]
[WhiteElo "1922"]
[BlackElo "1802"]
[PlyCount "68"]
[EventDate "2016.07.02"]
[EventType "swiss"]
[EventRounds "9"]
[EventCountry "FRA"]
[SourceTitle "EXT 2019"]
[Source "ChessBase"]
[SourceDate "2018.10.10"]
[SourceVersion "1"]
[SourceVersionDate "2018.10.10"]
[SourceQuality "1"]

1. c3 d5 2. Nf3 Nf6 3. g3 e6 4. Bg2 Be7 5. 0-0 0-0 6. d3 b6 7. Qc2 Bb7 8. Nbd2 c5 9. a3 Qc7 10. e4 Nc6 11. Re1 Rac8 12. Nf1 d4 13. c4 e5 14. h3 Ne8 15. g4 Nd6 16. a4 f6 17. Ng3 g6 18. Bh6 Rf7 19. Qe2 Bf8 20. Bd2 g5 21. h4 h6 22. Kh2 Rh7 23. Rh1 Qd7 24. Bh3 Rc7 25. Rag1 Be7 26. Kg2 Bc8 27. Kf1 Bd8 28. Nh5 Nf7 29. Ng3 Nd6 30. Rg2 Qe6 31. Rgh2 Rcf7 32. Nf5 Bd7 33. b3 Bc8 34. Qe1 Kf8 1-0

[Event "Metz op 21st"]
[Site "Metz"]
[Date "2003.04.20"]
[Round "2"]
[White "Grandmougin, Olivier"]
[Black "Gaponenko, Inna"]
[Result "0-1"]
[WhiteElo "2099"]
[BlackElo "2417"]
[PlyCount "22"]
[EventDate "2003.04.19"]
[EventType "swiss"]
[EventRounds "9"]
[EventCountry "FRA"]
[SourceTitle "CBM 093 Extra"]
[Source "ChessBase"]
[SourceDate "2003.05.09"]
[SourceVersion "1"]
[SourceVersionDate "2003.05.09"]
[SourceQuality "1"]

1. d4 e6 2. e4 b6 3. d5 Nf6 4. Bd3 exd5 5. e5 Qe7 6. Nf3 d6 7. Qe2 Nfd7 8. Bf5 dxe5 9. Nc3 Bb7 10. 0-0 c6 11. Re1 f6 0-1

[Event "FRA-chT2"]
[Site "France"]
[Date "2002.01.??"]
[Round "6"]
[White "Larrat, Philippe"]
[Black "Grandmougin, Olivier"]
[Result "0-1"]
[WhiteElo "2159"]
[BlackElo "2100"]
[PlyCount "62"]
[EventDate "2002.??.??"]
[EventType "team"]
[EventRounds "11"]
[EventCountry "FRA"]
[SourceTitle "EXT 2003"]
[Source "ChessBase"]
[SourceDate "2002.11.25"]
[SourceVersion "1"]
[SourceVersionDate "2002.11.25"]
[SourceQuality "1"]

1. e4 e6 2. d4 d5 3. Nc3 Bb4 4. exd5 exd5 5. Bd3 Nf6 6. h3 0-0 7. Nge2 c5 8. a3 Bxc3+ 9. Nxc3 Re8+ 10. Be2 cxd4 11. Qxd4 Nc6 12. Qd1 d4 13. Na2 Qa5+ 14. Bd2 Qe5 15. Nc1 d3 16. Nxd3 Qe4 17. Kf1 Bf5 18. Bf3 Qc4 19. Bc3 Rad8 20. Kg1 Bxd3 21. cxd3 Rxd3 22. Qc1 Nd5 23. Bxd5 Qxd5 24. Qf4 Nd4 25. Kh2 g5 26. Qc7 Nb5 27. Qa5 Nxc3 28. Qxa7 Qd6+ 29. g3 Rxg3 30. Rhe1 Re2 31. bxc3 Rg4+ 0-1

[Event "FRA-ch U20"]
[Site "Amiens"]
[Date "2001.04.08"]
[Round "2"]
[White "Grandmougin, Olivier"]
[Black "Le Roux, Jean Pierre"]
[Result "0-1"]
[WhiteElo "2132"]
[BlackElo "2276"]
[PlyCount "52"]
[EventDate "2001.04.??"]
[EventType "swiss"]
[EventRounds "9"]
[EventCountry "FRA"]
[SourceTitle "EXT 2005"]
[Source "ChessBase"]
[SourceDate "2004.11.15"]
[SourceVersion "1"]
[SourceVersionDate "2004.11.15"]
[SourceQuality "1"]

1. d4 Nf6 2. c4 e6 3. a3 c5 4. Nf3 cxd4 5. Nxd4 Nc6 6. g3 Qa5+ 7. Nc3 Ne4 8. Nb3 Nxc3 9. Qd3 Qe5 10. bxc3 Be7 11. Bf4 Qh5 12. Bg2 0-0 13. c5 e5 14. Bd2 b6 15. 0-0 bxc5 16. Be3 c4 17. Qxc4 a5 18. Bf3 Qg6 19. Bc5 Ba6 20. Qd5 a4 21. Bxe7 Nxe7 22. Qxe5 Nc6 23. Bxc6 Rae8 24. Be4 Rxe5 25. Bxg6 Bxe2 26. Rfb1 axb3 0-1

[Event "Cannes op"]
[Site "Cannes"]
[Date "2000.02.22"]
[Round "3"]
[White "Goldenberg, Richard"]
[Black "Grandmougin, Olivier"]
[Result "1-0"]
[WhiteElo "2293"]
[BlackElo "2139"]
[PlyCount "20"]
[EventDate "2000.02.20"]
[EventType "swiss"]
[EventRounds "9"]
[EventCountry "FRA"]
[SourceTitle "EXT 2001"]
[Source "ChessBase"]
[SourceDate "2000.11.22"]
[SourceVersion "1"]
[SourceVersionDate "2000.11.22"]
[SourceQuality "1"]

1. d4 Nf6 2. Bg5 h6 3. Bxf6 exf6 4. e3 d5 5. c4 c6 6. cxd5 cxd5 7. Nc3 Qb6 8. Qb3 Be6 9. Bb5+ Nc6 10. Nge2 Bb4 1-0

[Event "Cannes"]
[Site "Cannes"]
[Date "1999.??.??"]
[Round "1"]
[White "Grandmougin, Olivier"]
[Black "Lamorelle, Yves"]
[Result "0-1"]
[WhiteElo "2130"]
[BlackElo "2171"]
[PlyCount "56"]
[EventDate "1999.02.??"]
[EventType "k.o."]
[EventRounds "7"]
[EventCountry "FRA"]
[SourceTitle "EXT 2000"]
[Source "ChessBase"]
[SourceDate "1999.11.16"]
[SourceVersion "1"]
[SourceVersionDate "1999.11.16"]
[SourceQuality "1"]

1. d4 Nf6 2. c4 g6 3. Nc3 Bg7 4. e4 0-0 5. Nf3 d6 6. Be2 e5 7. 0-0 Nc6 8. d5 Ne7 9. Ne1 Nd7 10. f3 f5 11. g4 Nf6 12. Be3 f4 13. Bf2 g5 14. c5 h5 15. h3 Rf7 16. Rc1 Ng6 17. Nb5 a6 18. Na3 Bf8 19. cxd6 Bxd6 20. Nd3 Rh7 21. Kg2 Qf8 22. Rh1 Bxa3 23. bxa3 Qxa3 24. Bc5 Qa5 25. d6 cxd6 26. Qb3+ Kh8 27. Bxd6 Bd7 28. Bxe5 Nxe5 0-1

[Event "Cannes"]
[Site "Cannes"]
[Date "1999.??.??"]
[Round "1"]
[White "Lamorelle, Yves"]
[Black "Grandmougin, Olivier"]
[Result "0-1"]
[WhiteElo "2171"]
[BlackElo "2130"]
[PlyCount "80"]
[EventDate "1999.02.??"]
[EventType "k.o."]
[EventRounds "7"]
[EventCountry "FRA"]
[SourceTitle "EXT 2000"]
[Source "ChessBase"]
[SourceDate "1999.11.16"]
[SourceVersion "1"]
[SourceVersionDate "1999.11.16"]
[SourceQuality "1"]

1. e4 Nc6 2. Nc3 Nf6 3. Nf3 d5 4. exd5 Nxd5 5. Bc4 Nb6 6. Bb5 Bd7 7. d4 e6 8. 0-0 a6 9. Bd3 Nb4 10. Be4 c5 11. Re1 Bc6 12. Bg5 Be7 13. Bxc6+ Nxc6 14. dxc5 Qxd1 15. Raxd1 Bxc5 16. Ne4 Be7 17. Bxe7 Kxe7 18. Nc5 Rab8 19. Kf1 Rhc8 20. c3 Rc7 21. Ng5 Rd8 22. Rxd8 Nxd8 23. b4 Nd5 24. Nge4 a5 25. a3 b6 26. c4 Nf4 27. g3 bxc5 28. gxf4 cxb4 29. axb4 axb4 30. c5 f5 31. Ng5 h6 32. Nf3 Rxc5 33. Rb1 Rc4 34. Ne5 Rd4 35. Ra1 Kf6 36. Ra8 g5 37. fxg5+ Kxe5 38. gxh6 Kf6 39. Ke2 Nf7 40. h7 Rh4 0-1

[Event "Metz op 15th"]
[Site "Metz"]
[Date "1997.??.??"]
[Round "6"]
[White "Korneev, Oleg"]
[Black "Grandmougin, Olivier"]
[Result "1-0"]
[WhiteElo "2590"]
[BlackElo "2070"]
[PlyCount "49"]
[EventDate "1997.04.??"]
[EventType "swiss"]
[EventRounds "9"]
[EventCountry "FRA"]
[SourceTitle "EXT 1999"]
[Source "ChessBase"]
[SourceDate "1998.11.16"]
[SourceVersion "1"]
[SourceVersionDate "1998.11.16"]
[SourceQuality "1"]

1. e4 e6 2. d4 d5 3. Nd2 c5 4. exd5 exd5 5. Ngf3 Nc6 6. Bb5 Bd6 7. dxc5 Bxc5 8. 0-0 Nge7 9. Nb3 Bd6 10. c3 0-0 11. Bd3 Ng6 12. Bg5 Nce7 13. Re1 Bg4 14. Bxg6 hxg6 15. h3 Bf5 16. Nfd4 Re8 17. Qd2 Qd7 18. Rad1 Rad8 19. Nxf5 gxf5 20. Nd4 Bb8 21. Rxe7 Rxe7 22. Bxe7 Qxe7 23. Nxf5 Qe5 24. Qg5 Re8 25. f4 1-0

[Event "Val Thorens B"]
[Site "Val Thorens"]
[Date "1996.??.??"]
[Round "2"]
[White "Grandmougin, Olivier"]
[Black "Cazenave, Andre"]
[Result "0-1"]
[WhiteElo "1610"]
[BlackElo "1710"]
[PlyCount "122"]
[EventDate "1996.??.??"]
[EventType "swiss"]
[EventRounds "9"]
[EventCountry "FRA"]
[SourceTitle "EXT 2004"]
[Source "ChessBase"]
[SourceDate "2003.11.25"]
[SourceVersion "1"]
[SourceVersionDate "2003.11.25"]
[SourceQuality "1"]

1. c4 e5 2. Nc3 Nf6 3. Nf3 Nc6 4. d3 g6 5. Bg5 Bg7 6. Qd2 d6 7. g3 Be6 8. Ne4 h6 9. Nxf6+ Bxf6 10. Bxh6 Nd4 11. Be3 Nxf3+ 12. exf3 Qd7 13. h4 Be7 14. d4 exd4 15. Qxd4 Rh5 16. g4 Rh7 17. Bd3 c5 18. Qc3 0-0-0 19. h5 d5 20. cxd5 Bxd5 21. 0-0-0 Bxf3 22. Bf5 gxf5 23. Rxd7 Rxd7 24. Rg1 fxg4 25. h6 f5 26. Qe5 Rf7 27. Qe6 Bd6 28. Qg6 f4 29. Bd2 g3 30. fxg3 fxg3 31. Qg8+ Rf8 32. h7 Rdd8 33. Qe6+ Kc7 34. Bc3 Rde8 35. Qxe8 Rxe8 36. h8Q Rxh8 37. Bxh8 g2 38. Kd2 Bh2 39. Ke3 Bc6 40. Kf2 Bxg1+ 41. Kxg1 Kd6 42. Bc3 b5 43. a3 Be4 44. Kf2 Kd5 45. Kg1 Kc4 46. Kf2 b4 47. axb4 cxb4 48. Be5 a5 49. Bh2 Kb3 50. Be5 a4 51. Bd4 a3 52. bxa3 bxa3 53. Kg1 a2 54. Kf2 Kc2 55. Kg1 Kb1 56. Kf2 a1Q 57. Bxa1 Kxa1 58. Kg1 Kb1 59. Kf2 Kc1 60. Kg1 Kd1 61. Kf2 Kd2 0-1